[Event "DSJ Weihnachtsturnier U20w 2020"]
[Site "https://play.chessbase.com/en/play?room=DSJWeihnachtU20w"]
[Date "2020.12.29"]
[Round "5"]
[White "Fischer, Darja"]
[Black "Dietz, Kristin"]
[Result "1/2-1/2"]
[Termination "normal"]
[Board "3.1"]
[WhiteElo "1559"]
[BlackElo "1911"]
[WhiteTeam "Karlsruher SF 1853"]
[BlackTeam "USV Halle"]
[PlyCount "134"]
[WhiteFideId "16240898"]
[BlackFideId "12993743"]
[EventRounds "7"]
[EventType "team-swiss"]
[EventDate "2020.12.29"]

1. d4 {[%emt 0:00:07]} Nf6 {[%emt 0:00:03]} 2. c4 {[%emt 0:00:11]} c5 {[%emt 0:
00:04]} 3. d5 {[%emt 0:00:03]} b5 {[%emt 0:00:09]} 4. cxb5 {[%emt 0:00:02]} a6
{[%emt 0:00:04]} 5. bxa6 {[%emt 0:00:02]} g6 {[%emt 0:00:02]} 6. Nc3 {[%emt 0:
00:03]} Bg7 {[%emt 0:00:06]} 7. e4 {[%emt 0:00:05]} O-O {[%emt 0:00:09]} 8. Nf3
{[%emt 0:00:03]} Qa5 {[%emt 0:00:06]} 9. Bd2 {[%emt 0:00:05]} Bxa6 {[%emt 0:00:
03]} 10. Bxa6 {[%emt 0:00:12]} Nxa6 {[%emt 0:00:09]} 11. O-O {[%emt 0:00:08]}
Nb4 {[%emt 0:00:11]} 12. a3 {[%emt 0:00:09]} Nd3 {[%emt 0:00:20]} 13. Qc2 {
[%emt 0:00:15]} c4 {[%emt 0:00:13]} 14. Nd4 {[%emt 0:00:32]} Qb6 {[%emt 0:00:
26]} 15. Ncb5 {[%emt 0:01:05]} Nxe4 {[%emt 0:00:05]} 16. Be3 {[%emt 0:00:06]}
Qb7 {[%emt 0:00:46]} 17. Qxc4 {[%emt 0:00:23]} Nxb2 {[%emt 0:00:10]} 18. Qc2 {
[%emt 0:00:10]} Qxd5 {[%emt 0:00:34]} 19. Qxb2 {[%emt 0:00:07]} Rab8 {[%emt 0:
00:09]} 20. Qe2 {[%emt 0:00:49]} e5 {[%emt 0:00:17]} 21. Nc7 {[%emt 0:00:29]}
Qb7 {[%emt 0:00:16]} 22. Ndb5 {[%emt 0:00:06]} d5 {[%emt 0:00:28]} 23. Rfc1 {
[%emt 0:00:19]} d4 {[%emt 0:00:19]} 24. Bd2 {[%emt 0:00:05]} Nxd2 {[%emt 0:00:
07]} 25. Qxd2 {[%emt 0:00:00]} e4 {[%emt 0:00:01]} 26. Rab1 {[%emt 0:00:08]}
Rfc8 {[%emt 0:00:33]} 27. h3 {[%emt 0:00:14]} Be5 {[%emt 0:00:09]} 28. Qa5 {
[%emt 0:01:04]} Rxc7 {[%emt 0:00:51]} 29. Nxc7 {[%emt 0:00:16]} Qxb1 {[%emt 0:
00:04]} 30. Qc5 {[%emt 0:01:51]} Bxc7 {[%emt 0:00:42]} 31. Qxc7 {[%emt 0:00:04]
} Qb7 {[%emt 0:00:03]} 32. Qe5 {[%emt 0:00:07]} d3 {[%emt 0:00:05]} 33. Qf4 {
[%emt 0:00:09]} Qb2 {[%emt 0:00:13]} 34. Rd1 {[%emt 0:00:10]} Rc8 {[%emt 0:00:
11]} 35. Qxe4 {[%emt 0:00:05]} Rc1 {[%emt 0:00:07]} 36. Qxd3 {[%emt 0:00:16]}
Rxd1+ {[%emt 0:00:08]} 37. Qxd1 {[%emt 0:00:02]} Qxa3 {[%emt 0:00:02]} 38. g3 {
[%emt 0:00:02]} Qa5 {[%emt 0:00:10]} 39. Kg2 {[%emt 0:00:02]} Qf5 {[%emt 0:00:
07]} 40. Qf3 {[%emt 0:00:06]} Qc2 {[%emt 0:00:12]} 41. h4 {[%emt 0:00:07]} Kg7
{[%emt 0:00:09]} 42. Kh3 {[%emt 0:00:05]} Qc1 {[%emt 0:00:04]} 43. Qe2 { [%emt
0:00:05]} Qh1+ {[%emt 0:00:03]} 44. Kg4 {[%emt 0:00:01]} f5+ {[%emt 0:00: 02]}
45. Kf4 {[%emt 0:00:02]} Qh3 {[%emt 0:00:06]} 46. Qe5+ {[%emt 0:00:04]} Kg8
{[%emt 0:00:02]} 47. Qe6+ {[%emt 0:00:02]} Kg7 {[%emt 0:00:08]} 48. Ke5 { [%emt
0:00:02]} Qf1 {[%emt 0:00:04]} 49. Qf6+ {[%emt 0:00:02]} Kg8 {[%emt 0:00: 02]}
50. Qd8+ {[%emt 0:00:02]} Kf7 {[%emt 0:00:02]} 51. Qf6+ {[%emt 0:00:02]} Ke8
{[%emt 0:00:04]} 52. Qc6+ {[%emt 0:00:03]} Ke7 {[%emt 0:00:03]} 53. Qe6+ {
[%emt 0:00:02]} Kd8 {[%emt 0:00:02]} 54. Qd6+ {[%emt 0:00:01]} Kc8 {[%emt 0:00:
04]} 55. Qc6+ {[%emt 0:00:02]} Kb8 {[%emt 0:00:01]} 56. Qb6+ {[%emt 0:00:01]}
Ka8 {[%emt 0:00:01]} 57. Qd8+ {[%emt 0:00:02]} Kb7 {[%emt 0:00:02]} 58. Qd5+ {
[%emt 0:00:02]} Kb6 {[%emt 0:00:02]} 59. Qd4+ {[%emt 0:00:02]} Kb5 {[%emt 0:00:
01]} 60. Kf6 {[%emt 0:00:03]} Qc1 {[%emt 0:00:10]} 61. Qd5+ {[%emt 0:00:02]}
Kb4 {[%emt 0:00:17]} 62. Qd4+ {[%emt 0:00:03]} Kb3 {[%emt 0:00:02]} 63. Qb6+ {
[%emt 0:00:02]} Ka4 {[%emt 0:00:06]} 64. Qa6+ {[%emt 0:00:02]} Kb4 {[%emt 0:00:
07]} 65. Qb6+ {[%emt 0:00:01]} Ka4 {[%emt 0:00:01]} 66. Qa6+ {[%emt 0:00:02]}
Kb4 {[%emt 0:00:02]} 67. Qb6+ {[%emt 0:00:08]} Ka4 {[%emt 0:00:03]} 1/2-1/2

[Event "DSJ Weihnachtsturnier U20w 2020"]
[Site "https://play.chessbase.com/en/play?room=DSJWeihnachtU20w"]
[Date "2020.12.29"]
[Round "5"]
[White "Voigt, Anastasia"]
[Black "Schulz, Hannah"]
[Result "1-0"]
[Termination "normal"]
[Board "3.2"]
[WhiteElo "1738"]
[BlackElo "1539"]
[WhiteTeam "USV Halle"]
[BlackTeam "Karlsruher SF 1853"]
[PlyCount "97"]
[WhiteFideId "16235223"]
[BlackFideId "16244745"]
[EventRounds "7"]
[EventType "team-swiss"]
[EventDate "2020.12.29"]

1. e4 {[%emt 0:00:02]} c6 {[%emt 0:02:03]} 2. d4 {[%emt 0:00:05]} d5 {[%emt 0:
00:01]} 3. exd5 {[%emt 0:00:06]} cxd5 {[%emt 0:00:02]} 4. c4 {[%emt 0:00:02]}
Nc6 {[%emt 0:00:03]} 5. Nf3 {[%emt 0:00:03]} Nf6 {[%emt 0:00:02]} 6. Nc3 {
[%emt 0:00:03]} g6 {[%emt 0:00:02]} 7. Be3 {[%emt 0:00:02]} Bg7 {[%emt 0:00:01]
} 8. Be2 {[%emt 0:00:04]} O-O {[%emt 0:00:01]} 9. O-O {[%emt 0:00:02]} Bf5 {
[%emt 0:00:01]} 10. a3 {[%emt 0:00:22]} Na5 {[%emt 0:00:15]} 11. c5 {[%emt 0:
00:11]} Nc6 {[%emt 0:00:05]} 12. b4 {[%emt 0:00:04]} a6 {[%emt 0:00:02]} 13.
Rc1 {[%emt 0:00:06]} Qd7 {[%emt 0:00:02]} 14. Qb3 {[%emt 0:00:14]} Rfb8 { [%emt
0:00:21]} 15. a4 {[%emt 0:00:11]} a5 {[%emt 0:00:07]} 16. b5 {[%emt 0:00: 07]}
Nb4 {[%emt 0:00:04]} 17. Na2 {[%emt 0:00:08]} Nxa2 {[%emt 0:00:06]} 18. Qxa2
{[%emt 0:00:03]} Rc8 {[%emt 0:00:12]} 19. Ne5 {[%emt 0:00:08]} Qe8 { [%emt
0:00:13]} 20. c6 {[%emt 0:00:06]} bxc6 {[%emt 0:00:03]} 21. Nxc6 { [%emt
0:00:03]} Bd7 {[%emt 0:00:22]} 22. Ne5 {[%emt 0:00:21]} Rxc1 {[%emt 0:00: 06]}
23. Rxc1 {[%emt 0:00:04]} Bc8 {[%emt 0:00:15]} 24. Bd2 {[%emt 0:00:09]} Ne4
{[%emt 0:00:15]} 25. Nc6 {[%emt 0:00:28]} Nxd2 {[%emt 0:00:17]} 26. Qxd2 {
[%emt 0:00:04]} Qd7 {[%emt 0:00:08]} 27. Nxa5 {[%emt 0:00:13]} Bxd4 {[%emt 0:
00:08]} 28. Qxd4 {[%emt 0:00:09]} Rxa5 {[%emt 0:00:04]} 29. Bg4 {[%emt 0:00:04]
} Qxg4 {[%emt 0:00:05]} 30. Qxg4 {[%emt 0:00:04]} Bxg4 {[%emt 0:00:02]} 31. b6
{[%emt 0:00:15]} Bc8 {[%emt 0:00:08]} 32. Rxc8+ {[%emt 0:00:04]} Kg7 {[%emt 0:
00:01]} 33. h3 {[%emt 0:00:14]} Rxa4 {[%emt 0:00:02]} 34. b7 {[%emt 0:00:02]}
Rb4 {[%emt 0:00:03]} 35. b8=Q {[%emt 0:00:03]} Rxb8 {[%emt 0:00:02]} 36. Rxb8 {
[%emt 0:00:04]} e5 {[%emt 0:00:02]} 37. Rb5 {[%emt 0:00:02]} f5 {[%emt 0:00:06]
} 38. Rxd5 {[%emt 0:00:02]} e4 {[%emt 0:00:01]} 39. Kf1 {[%emt 0:00:03]} Kh6 {
[%emt 0:00:01]} 40. Ke2 {[%emt 0:00:01]} Kg5 {[%emt 0:00:01]} 41. Ke3 {[%emt 0:
00:03]} h6 {[%emt 0:00:01]} 42. f3 {[%emt 0:00:06]} exf3 {[%emt 0:00:02]} 43.
Kxf3 {[%emt 0:00:02]} Kf6 {[%emt 0:00:02]} 44. g4 {[%emt 0:00:03]} fxg4+ {
[%emt 0:00:03]} 45. Kxg4 {[%emt 0:00:02]} h5+ {[%emt 0:00:02]} 46. Kh4 { [%emt
0:00:05]} Kg7 {[%emt 0:00:01]} 47. Kg5 {[%emt 0:00:09]} Kh7 {[%emt 0:00: 01]}
48. Rd7+ {[%emt 0:00:02]} Kh8 {[%emt 0:00:02]} 49. Kxg6 {[%emt 0:00:03]} 1-0

[Event "DSJ Weihnachtsturnier U20w 2020"]
[Site "https://play.chessbase.com/en/play?room=DSJWeihnachtU20w"]
[Date "2020.12.29"]
[Round "5"]
[White "Haug, Mara"]
[Black "Stowicek, Yara Mathilda"]
[Result "0-1"]
[Termination "normal"]
[Board "3.3"]
[WhiteElo "1379"]
[BlackElo "1736"]
[WhiteTeam "Karlsruher SF 1853"]
[BlackTeam "USV Halle"]
[PlyCount "76"]
[WhiteFideId "16259300"]
[BlackFideId "16203569"]
[EventRounds "7"]
[EventType "team-swiss"]
[EventDate "2020.12.29"]

1. e4 {[%emt 0:00:13]} e5 {[%emt 0:00:02]} 2. Nf3 {[%emt 0:00:02]} Nc6 { [%emt
0:00:02]} 3. Bc4 {[%emt 0:00:02]} Bc5 {[%emt 0:00:03]} 4. O-O {[%emt 0: 00:02]}
Nf6 {[%emt 0:00:02]} 5. d4 {[%emt 0:00:02]} exd4 {[%emt 0:00:05]} 6. e5 {[%emt
0:00:02]} d5 {[%emt 0:00:22]} 7. exf6 {[%emt 0:00:03]} dxc4 {[%emt 0:00: 02]}
8. Re1+ {[%emt 0:00:02]} Be6 {[%emt 0:00:15]} 9. Ng5 {[%emt 0:00:03]} Qxf6
{[%emt 0:00:14]} 10. Nxe6 {[%emt 0:00:04]} fxe6 {[%emt 0:00:02]} 11. Qh5+ {
[%emt 0:00:03]} Kd7 {[%emt 0:00:12]} 12. Qxc5 {[%emt 0:00:02]} Rhf8 {[%emt 0:
00:08]} 13. f3 {[%emt 0:00:18]} e5 {[%emt 0:00:28]} 14. Qxc4 {[%emt 0:00:10]}
Rae8 {[%emt 0:00:13]} 15. Qd5+ {[%emt 0:00:21]} Kc8 {[%emt 0:00:03]} 16. Nd2 {
[%emt 0:00:22]} Qh4 {[%emt 0:00:17]} 17. Rf1 {[%emt 0:00:31]} Rf6 {[%emt 0:00:
14]} 18. Qe4 {[%emt 0:00:10]} Rf4 {[%emt 0:00:18]} 19. Qe1 {[%emt 0:00:18]} Qh5
{[%emt 0:00:16]} 20. Qg3 {[%emt 0:00:12]} Rf7 {[%emt 0:00:27]} 21. Ne4 { [%emt
0:00:14]} Re6 {[%emt 0:00:09]} 22. Qf2 {[%emt 0:00:31]} Rg6 {[%emt 0:00: 19]}
23. Ng3 {[%emt 0:00:18]} Qh4 {[%emt 0:00:14]} 24. Ne4 {[%emt 0:00:20]} Qe7
{[%emt 0:00:20]} 25. Qd2 {[%emt 0:00:37]} Rff6 {[%emt 0:00:20]} 26. Nxf6 {
[%emt 0:00:14]} Qxf6 {[%emt 0:00:04]} 27. Qf2 {[%emt 0:00:18]} h5 {[%emt 0:00:
35]} 28. Re1 {[%emt 0:00:17]} h4 {[%emt 0:00:14]} 29. Re4 {[%emt 0:00:15]} h3 {
[%emt 0:00:07]} 30. g3 {[%emt 0:00:10]} Qf5 {[%emt 0:00:10]} 31. Rh4 {[%emt 0:
00:20]} Nb4 {[%emt 0:00:15]} 32. c3 {[%emt 0:00:42]} Nd3 {[%emt 0:00:11]} 33.
Qc2 {[%emt 0:00:07]} Qxf3 {[%emt 0:00:06]} 34. Rh8+ {[%emt 0:00:22]} Kd7 {
[%emt 0:00:04]} 35. Rxh3 {[%emt 0:00:35]} Rf6 {[%emt 0:00:11]} 36. Bg5 { [%emt
0:00:15]} Rf5 {[%emt 0:00:14]} 37. Bh4 {[%emt 0:00:22]} Nf2 {[%emt 0:00: 08]}
38. g4 {[%emt 0:00:34]} Nxh3# {[%emt 0:00:03]} 0-1

[Event "DSJ Weihnachtsturnier U20w 2020"]
[Site "https://play.chessbase.com/en/play?room=DSJWeihnachtU20w"]
[Date "2020.12.29"]
[Round "5"]
[White "Fritsch, Lea"]
[Black "Hoffmann, Sophia"]
[Result "1-0"]
[Termination "normal"]
[Board "3.4"]
[WhiteElo "1644"]
[BlackElo "1266"]
[WhiteTeam "USV Halle"]
[BlackTeam "Karlsruher SF 1853"]
[PlyCount "69"]
[WhiteFideId "16212436"]
[BlackFideId "16259130"]
[EventRounds "7"]
[EventType "team-swiss"]
[EventDate "2020.12.29"]

1. e4 {[%emt 0:00:06] Karlsru3-004 kibitzing!? Karlsru3-004 reconnected.} e5 {
[%emt 0:00:36]} 2. Nf3 {[%emt 0:00:03]} Nc6 {[%emt 0:00:03]} 3. Bc4 {[%emt 0:
00:02]} Bc5 {[%emt 0:00:03]} 4. c3 {[%emt 0:00:02]} d6 {[%emt 0:00:03]} 5. d3 {
[%emt 0:00:03]} Be6 {[%emt 0:00:03]} 6. Bb3 {[%emt 0:00:03]} Nf6 {[%emt 0:00:
02]} 7. Nbd2 {[%emt 0:00:02]} O-O {[%emt 0:00:05]} 8. Nf1 {[%emt 0:00:02]} Bxb3
{[%emt 0:00:26]} 9. Qxb3 {[%emt 0:00:05]} Ng4 {[%emt 0:00:21]} 10. Ne3 { [%emt
0:00:07]} Nxe3 {[%emt 0:00:09]} 11. Bxe3 {[%emt 0:00:02]} Bb6 {[%emt 0: 00:02]}
12. O-O {[%emt 0:00:03]} Kh8 {[%emt 0:00:10]} 13. Rfe1 {[%emt 0:00:18]} f5
{[%emt 0:00:07]} 14. Nd2 {[%emt 0:00:13]} Ba5 {[%emt 0:00:21]} 15. Nc4 { [%emt
0:00:14]} f4 {[%emt 0:00:06]} 16. Bd2 {[%emt 0:00:11]} Qf6 {[%emt 0:00: 22]}
17. Nxa5 {[%emt 0:00:08]} Nxa5 {[%emt 0:00:02]} 18. Qb5 {[%emt 0:00:22]} b6
{[%emt 0:00:09]} 19. Rad1 {[%emt 0:00:33]} Qg6 {[%emt 0:00:04]} 20. d4 { [%emt
0:00:07]} f3 {[%emt 0:00:03]} 21. g3 {[%emt 0:00:12]} Qh5 {[%emt 0:00:38] } 22.
Qf1 {[%emt 0:01:05]} c5 {[%emt 0:00:26]} 23. dxc5 {[%emt 0:00:16]} dxc5 { [%emt
0:00:21]} 24. b4 {[%emt 0:00:38]} cxb4 {[%emt 0:00:07]} 25. cxb4 { [%emt
0:00:00]} Nc6 {[%emt 0:00:02]} 26. Bc3 {[%emt 0:00:08]} a5 {[%emt 0:00: 26]}
27. b5 {[%emt 0:00:08]} Ne7 {[%emt 0:00:15]} 28. Rd6 {[%emt 0:00:27]} Rf6
{[%emt 0:00:36]} 29. Rxf6 {[%emt 0:00:29]} gxf6 {[%emt 0:00:03]} 30. Re3 {
[%emt 0:00:00]} f5 {[%emt 0:00:25]} 31. exf5 {[%emt 0:00:09]} Qxf5 {[%emt 0:00:
27]} 32. Rxe5 {[%emt 0:00:09]} Qf8 {[%emt 0:00:31]} 33. Rxe7+ {[%emt 0:00:06]}
Kg8 {[%emt 0:00:04]} 34. Qc4+ {[%emt 0:00:03]} Qf7 {[%emt 0:00:05] Karlsru3-004
offers a draw} 35. Qxf7# {[%emt 0:00:03]} 1-0

[Event "DSJ Weihnachtsturnier U20w 2020"]
[Site "https://play.chessbase.com/en/play?room=DSJWeihnachtU20w"]
[Date "2020.12.29"]
[Round "5"]
[White "Ciolacu, Alessia-Mihaela"]
[Black "Alferova, Emily"]
[Result "1-0"]
[Termination "normal"]
[Board "4.1"]
[WhiteTitle "WFM"]
[WhiteElo "2052"]
[BlackElo "1365"]
[WhiteTeam "Schachverein Hemer 1932"]
[BlackTeam "SC Garching 1980"]
[PlyCount "61"]
[WhiteFideId "1252640"]
[BlackFideId "16265904"]
[EventRounds "7"]
[EventType "team-swiss"]
[EventDate "2020.12.29"]

1. Nf3 {[%emt 0:00:03]} Nf6 {[%emt 0:00:07]} 2. c4 {[%emt 0:00:02]} e6 { [%emt
0:00:07]} 3. g3 {[%emt 0:00:02]} d5 {[%emt 0:00:06]} 4. Bg2 {[%emt 0:00: 02]}
d4 {[%emt 0:00:08]} 5. e3 {[%emt 0:00:15]} c5 {[%emt 0:00:17]} 6. exd4 { [%emt
0:00:03]} cxd4 {[%emt 0:00:05]} 7. O-O {[%emt 0:00:04]} Nc6 {[%emt 0:00: 05]}
8. d3 {[%emt 0:00:02]} h6 {[%emt 0:00:18]} 9. Re1 {[%emt 0:00:14]} Bd6 { [%emt
0:00:10]} 10. Na3 {[%emt 0:00:16]} O-O {[%emt 0:00:27]} 11. Nc2 {[%emt 0:
00:12]} Re8 {[%emt 0:00:11]} 12. a3 {[%emt 0:00:26]} e5 {[%emt 0:00:15]} 13. b4
{[%emt 0:00:04]} a6 {[%emt 0:00:10]} 14. Bb2 {[%emt 0:00:56]} Bg4 {[%emt 0:00:
09]} 15. h3 {[%emt 0:00:11]} Bf5 {[%emt 0:00:07]} 16. Qd2 {[%emt 0:01:18]} Qd7
{[%emt 0:00:17]} 17. c5 {[%emt 0:00:09]} Bc7 {[%emt 0:00:14]} 18. Kh2 {[%emt 0:
00:04]} Be6 {[%emt 0:00:18]} 19. a4 {[%emt 0:00:12]} Bd5 {[%emt 0:00:11]} 20.
b5 {[%emt 0:00:42]} Na5 {[%emt 0:00:34]} 21. b6 {[%emt 0:00:04]} Nb3 {[%emt 0:
00:15]} 22. Qb4 {[%emt 0:01:05]} Nxa1 {[%emt 0:00:16]} 23. Nxa1 {[%emt 0:00:03]
} Bd8 {[%emt 0:00:21]} 24. Nxe5 {[%emt 0:00:13]} Qf5 {[%emt 0:01:13]} 25. Qxd4
{[%emt 0:00:56]} Bxg2 {[%emt 0:00:53]} 26. Kxg2 {[%emt 0:00:01]} Nh7 {[%emt 0:
00:37]} 27. g4 {[%emt 0:00:20]} Qf6 {[%emt 0:00:23]} 28. Nd7 {[%emt 0:00:04]}
Qxd4 {[%emt 0:00:28]} 29. Rxe8+ {[%emt 0:00:02]} Nf8 {[%emt 0:00:04]} 30. Rxf8+
{[%emt 0:00:01]} Kh7 {[%emt 0:00:02]} 31. Bxd4 {[%emt 0:00:01]} 1-0

[Event "DSJ Weihnachtsturnier U20w 2020"]
[Site "https://play.chessbase.com/en/play?room=DSJWeihnachtU20w"]
[Date "2020.12.29"]
[Round "5"]
[White "Frowein, Katja"]
[Black "Ricken, Katharina"]
[Result "0-1"]
[Termination "normal"]
[Board "4.2"]
[BlackTitle "WCM"]
[WhiteElo "1377"]
[BlackElo "2030"]
[WhiteTeam "SC Garching 1980"]
[BlackTeam "Schachverein Hemer 1932"]
[PlyCount "82"]
[WhiteFideId "16282949"]
[BlackFideId "16207017"]
[EventRounds "7"]
[EventType "team-swiss"]
[EventDate "2020.12.29"]

1. e4 {[%emt 0:04:22]} e6 {[%emt 0:00:01]} 2. Nf3 {[%emt 0:00:06]} d5 {[%emt 0:
00:02]} 3. exd5 {[%emt 0:00:02]} exd5 {[%emt 0:00:00]} 4. d4 {[%emt 0:00:02]}
Nf6 {[%emt 0:00:01]} 5. Nc3 {[%emt 0:00:01]} c5 {[%emt 0:00:17] Restarted B
(13.22e) Restarted W (13.22e) OK OK} 6. Bb5+ {[%emt 0:00:00]} Nc6 {[%emt 0:00:
24]} 7. Bxc6+ {[%emt 0:00:06]} bxc6 {[%emt 0:00:01]} 8. O-O {[%emt 0:00:09]}
Be7 {[%emt 0:00:14]} 9. Re1 {[%emt 0:00:03]} O-O {[%emt 0:00:11]} 10. Bg5 {
[%emt 0:00:08]} Bg4 {[%emt 0:00:41]} 11. Bxf6 {[%emt 0:00:06]} Bxf6 {[%emt 0:
00:24]} 12. dxc5 {[%emt 0:00:02]} Rb8 {[%emt 0:00:12]} 13. Rb1 {[%emt 0:00:03]}
Qa5 {[%emt 0:00:21]} 14. Qd3 {[%emt 0:00:23]} Qxc5 {[%emt 0:00:18]} 15. h3 {
[%emt 0:00:06]} Bh5 {[%emt 0:00:15]} 16. a3 {[%emt 0:00:15]} Bg6 {[%emt 0:00:
12]} 17. Qd2 {[%emt 0:00:16]} Rfe8 {[%emt 0:00:16]} 18. Rxe8+ {[%emt 0:00:12]}
Rxe8 {[%emt 0:00:00]} 19. Ne2 {[%emt 0:00:08]} Qxc2 {[%emt 0:00:11]} 20. Qxc2 {
[%emt 0:00:05]} Bxc2 {[%emt 0:00:00]} 21. Re1 {[%emt 0:00:02]} Bxb2 {[%emt 0:
00:14]} 22. Kf1 {[%emt 0:00:04]} Bd3 {[%emt 0:00:10]} 23. a4 {[%emt 0:00:14]}
Bc3 {[%emt 0:00:05]} 24. Rc1 {[%emt 0:00:21]} Bxe2+ {[%emt 0:00:13]} 25. Kg1 {
[%emt 0:00:02]} Bxf3 {[%emt 0:00:05]} 26. gxf3 {[%emt 0:00:02]} Bf6 {[%emt 0:
00:08]} 27. Rxc6 {[%emt 0:00:02]} d4 {[%emt 0:00:09]} 28. Rd6 {[%emt 0:00:08]}
Rd8 {[%emt 0:00:03]} 29. Ra6 {[%emt 0:00:03]} Rd7 {[%emt 0:00:05]} 30. Rc6 {
[%emt 0:00:04]} d3 {[%emt 0:00:03]} 31. Rc1 {[%emt 0:00:03]} d2 {[%emt 0:00:02]
} 32. Rd1 {[%emt 0:00:01]} Bc3 {[%emt 0:00:02]} 33. Kf1 {[%emt 0:00:02]} Re7 {
[%emt 0:00:01]} 34. Kg2 {[%emt 0:00:08]} Re1 {[%emt 0:00:00]} 35. Rxe1 { [%emt
0:00:04]} dxe1=Q {[%emt 0:00:00]} 36. Kg3 {[%emt 0:00:02]} Qg1+ {[%emt 0:
00:02]} 37. Kf4 {[%emt 0:00:02]} Qxf2 {[%emt 0:00:04]} 38. Ke4 {[%emt 0:00:03]}
Qd4+ {[%emt 0:00:02]} 39. Kf5 {[%emt 0:00:01]} g6+ {[%emt 0:00:02]} 40. Kg5 {
[%emt 0:00:02]} Bd2+ {[%emt 0:00:02]} 41. f4 {[%emt 0:00:03]} Qxf4# {[%emt 0:
00:02]} 0-1

[Event "DSJ Weihnachtsturnier U20w 2020"]
[Site "https://play.chessbase.com/en/play?room=DSJWeihnachtU20w"]
[Date "2020.12.29"]
[Round "5"]
[White "Becker, Linda"]
[Black "Muhina, Liana"]
[Result "1-0"]
[Termination "normal"]
[Board "4.3"]
[WhiteElo "1763"]
[BlackElo "1273"]
[WhiteTeam "Schachverein Hemer 1932"]
[BlackTeam "SC Garching 1980"]
[PlyCount "67"]
[WhiteFideId "16244753"]
[BlackFideId "16266145"]
[EventRounds "7"]
[EventType "team-swiss"]
[EventDate "2020.12.29"]

1. e4 {[%emt 0:00:06]} d5 {[%emt 0:00:03]} 2. exd5 {[%emt 0:00:08]} Qxd5 {
[%emt 0:00:02]} 3. d4 {[%emt 0:00:02]} Nf6 {[%emt 0:00:06]} 4. Nf3 {[%emt 0:00:
04]} Bg4 {[%emt 0:00:11]} 5. Be2 {[%emt 0:00:07]} c6 {[%emt 0:00:42]} 6. Be3 {
[%emt 0:00:06]} e6 {[%emt 0:00:04]} 7. O-O {[%emt 0:00:02]} Bd6 {[%emt 0:00:06]
} 8. h3 {[%emt 0:00:04]} Bxh3 {[%emt 0:00:35]} 9. gxh3 {[%emt 0:00:16]} Qh5 {
[%emt 0:00:17]} 10. Ng5 {[%emt 0:00:32]} Qh4 {[%emt 0:00:12]} 11. Bg4 {[%emt 0:
00:29]} Nxg4 {[%emt 0:01:14]} 12. Qxg4 {[%emt 0:00:05]} Qxg4+ {[%emt 0:00:04]}
13. hxg4 {[%emt 0:00:02]} h5 {[%emt 0:00:22]} 14. Ne4 {[%emt 0:00:13]} Bc7 {
[%emt 0:00:11]} 15. gxh5 {[%emt 0:00:09]} Rxh5 {[%emt 0:00:07]} 16. Ng3 { [%emt
0:00:07]} Rh3 {[%emt 0:00:28]} 17. Kg2 {[%emt 0:00:04]} Rh7 {[%emt 0:00: 12]}
18. Nd2 {[%emt 0:00:05]} Nd7 {[%emt 0:00:08]} 19. Rh1 {[%emt 0:00:06]} Rxh1
{[%emt 0:00:14]} 20. Rxh1 {[%emt 0:00:03]} O-O-O {[%emt 0:00:06]} 21. Rh7
{[%emt 0:00:05]} Bxg3 {[%emt 0:00:06]} 22. fxg3 {[%emt 0:00:06]} Nf6 {[%emt 0:
00:03]} 23. Rxg7 {[%emt 0:00:17]} Rh8 {[%emt 0:00:10]} 24. Rxf7 {[%emt 0:00:31]
} Ng4 {[%emt 0:00:08]} 25. Kf3 {[%emt 0:00:21]} Nxe3 {[%emt 0:00:21]} 26. Kxe3
{[%emt 0:00:03]} Rh3 {[%emt 0:00:04]} 27. Ne4 {[%emt 0:00:06]} Rh1 {[%emt 0:00:
09]} 28. Rf2 {[%emt 0:00:33]} Kc7 {[%emt 0:00:17]} 29. Rg2 {[%emt 0:00:06]} Rh8
{[%emt 0:00:07]} 30. g4 {[%emt 0:00:03]} Rg8 {[%emt 0:00:03]} 31. g5 {[%emt 0:
00:01] Garchin1-003 offers a draw} Kb6 {[%emt 0:00:12]} 32. g6 {[%emt 0:00:04]}
Kc7 {[%emt 0:00:16]} 33. g7 {[%emt 0:00:03]} Kd7 {[%emt 0:00:05]} 34. Nf6+ {
[%emt 0:00:02]} 1-0

[Event "DSJ Weihnachtsturnier U20w 2020"]
[Site "https://play.chessbase.com/en/play?room=DSJWeihnachtU20w"]
[Date "2020.12.29"]
[Round "5"]
[White "Muhina, Alina"]
[Black "Dartmann Aubanell, Catriona"]
[Result "0-1"]
[Termination "normal"]
[Board "4.4"]
[WhiteElo "1286"]
[BlackElo "1820"]
[WhiteTeam "SC Garching 1980"]
[BlackTeam "Schachverein Hemer 1932"]
[PlyCount "66"]
[WhiteFideId "16298322"]
[BlackFideId "24585270"]
[EventRounds "7"]
[EventType "team-swiss"]
[EventDate "2020.12.29"]

1. e4 {[%emt 0:00:00]} e6 {[%emt 0:00:14]} 2. d4 {[%emt 0:00:07]} d5 {[%emt 0:
00:03]} 3. Nc3 {[%emt 0:00:04]} Nf6 {[%emt 0:00:02]} 4. e5 {[%emt 0:00:13]}
Nfd7 {[%emt 0:00:02]} 5. Nf3 {[%emt 0:00:03]} c5 {[%emt 0:00:08]} 6. Bb5 {
[%emt 0:00:06]} Nc6 {[%emt 0:00:04]} 7. Bxc6 {[%emt 0:00:06]} bxc6 {[%emt 0:00:
00]} 8. O-O {[%emt 0:00:03]} cxd4 {[%emt 0:00:05]} 9. Nxd4 {[%emt 0:00:02]} c5
{[%emt 0:01:11]} 10. Nc6 {[%emt 0:00:05]} Qc7 {[%emt 0:00:07]} 11. Nd4 { [%emt
0:01:04]} cxd4 {[%emt 0:00:07]} 12. Qxd4 {[%emt 0:00:02]} Qxe5 {[%emt 0:
01:56]} 13. Qa4 {[%emt 0:00:29]} Bd6 {[%emt 0:00:21]} 14. g3 {[%emt 0:00:03]}
Qf6 {[%emt 0:00:27]} 15. Qc6 {[%emt 0:00:09]} O-O {[%emt 0:00:56]} 16. Qxa8 {
[%emt 0:00:06]} Ba6 {[%emt 0:00:03]} 17. Qxa7 {[%emt 0:00:09]} Bxf1 {[%emt 0:
00:06]} 18. Qxd7 {[%emt 0:00:03]} Bc5 {[%emt 0:01:13]} 19. Be3 {[%emt 0:00:21]}
Bh3 {[%emt 0:00:16]} 20. f4 {[%emt 0:00:47]} Bxe3+ {[%emt 0:00:08]} 21. Kh1 {
[%emt 0:00:04]} d4 {[%emt 0:00:12]} 22. Ne4 {[%emt 0:00:07]} Qf5 {[%emt 0:00:
09]} 23. Ng5 {[%emt 0:00:41]} Bg4 {[%emt 0:00:12]} 24. Rf1 {[%emt 0:00:28]} h6
{[%emt 0:00:18]} 25. Nf3 {[%emt 0:00:44]} Bxf3+ {[%emt 0:00:07]} 26. Rxf3 {
[%emt 0:00:03]} Qe4 {[%emt 0:00:07]} 27. Kg2 {[%emt 0:00:07]} Qxc2+ {[%emt 0:
00:02]} 28. Kh3 {[%emt 0:00:02]} Qf5+ {[%emt 0:00:06]} 29. g4 {[%emt 0:00:07]}
Qe4 {[%emt 0:00:08]} 30. Rg3 {[%emt 0:00:13]} Bxf4 {[%emt 0:00:05]} 31. Rg1 {
[%emt 0:00:12]} Qf3+ {[%emt 0:00:10]} 32. Kh4 {[%emt 0:00:03]} Qf2+ {[%emt 0:
00:01]} 33. Kh5 {[%emt 0:00:02]} Qxh2# {[%emt 0:00:04]} 0-1